| 000 | 00512nam a2200193Ia 4500 | ||
|---|---|---|---|
| 005 | 20250508163357.0 | ||
| 008 | 008 250505s9999 xx 000 0 eng d | ||
| 037 | _aTextual | ||
| 040 |
_aFEDL _beng _cFEDL |
||
| 041 |
_aeng _2eng |
||
| 084 |
_a330.1, HOS _qFEDL |
||
| 100 | _aHoselitz Bert F. | ||
| 245 | 0 | _aTheories of economic growth | |
| 260 |
_aNew York, USA _bThe Free press _c1960 |
||
| 300 | _a343p. | ||
| 650 | _aEconomics | ||
| 942 |
_cTEXL _h330.1, HOS |
||
| 999 |
_c1382663 _d1382663 |
||